Construction Materials (Record no. 245766)

MARC details
000 -LEADER
fixed length control field 00472nam a2200193Ia 4500
008 - FIXED-LENGTH DATA ELEMENTS--GENERAL INFORMATION
fixed length control field 240913s9999||||xx |||||||||||||| ||und||
020 ## - INTERNATIONAL STANDARD BOOK NUMBER
International Standard Book Number 978-81-904398-3-1
082 ## - DEWEY DECIMAL CLASSIFICATION NUMBER
-- 624.1042
100 ## - MAIN ENTRY--PERSONAL NAME
Personal name NPCS Board of Consultants and Engineers
245 #0 - TITLE STATEMENT
Title Construction Materials
250 ## - EDITION STATEMENT
Edition statement 1st
260 ## - PUBLICATION, DISTRIBUTION, ETC. (IMPRINT)
Name of publisher, distributor, etc NIIR,
Place of publication, distribution, etc New Delhi
500 ## - GENERAL NOTE
General note REFERENCE
650 ## - SUBJECT ADDED ENTRY--TOPICAL TERM
Topical term or geographic name as entry element Construction
942 ## - ADDED ENTRY ELEMENTS (KOHA)
Item type Reference
Holdings
Withdrawn status Lost status Damaged status Permanent location Current location Shelving location Date acquired Source of acquisition Cost, normal purchase price Full call number Barcode Date last seen Koha item type
      CENTRAL LIBRARY, NOORUL ISLAM CENTRE FOR HIGHER EDUCATION CENTRAL LIBRARY, NOORUL ISLAM CENTRE FOR HIGHER EDUCATION   07/30/2008 Global Book Syndicate 1475.00 624.1042 33225 09/13/2024 Reference
Visitors:
Copyright © 2024 Central Library NICHE.  All rights reserved.